Smith and Keenan's English law (Record no. 121224)

MARC details
000 -LEADER
fixed length control field 00512nam a22001817a 4500
008 - FIXED-LENGTH DATA ELEMENTS--GENERAL INFORMATION
fixed length control field 160218b2013 xxu||||| |||| 00| 0 eng d
020 ## - INTERNATIONAL STANDARD BOOK NUMBER
ISBN 9781408295274
041 ## - LANGUAGE CODE
Language code of text/sound track or separate title eng
100 ## - MAIN ENTRY--PERSONAL NAME
Personal author Wild, Charles
245 ## - TITLE STATEMENT
Title Smith and Keenan's English law
250 ## - EDITION
Edition statement 17th ed
260 ## - PUBLICATION INFORMATION
Place of publication Harlow
Publisher Pearson
Date 2013
300 ## - PHYSICAL DESCRIPTION
Physical description 975 p 25cm
520 ## - ABSTRACT
Abstract Provides an overview of the English legal system including statute and case law.
651 ## - SUBJECT ADDED ENTRY--GEOGRAPHIC NAME
Geographic name United Kingdom 1973
700 ## - ADDED PERSONAL NAME
Added personal author Weinstein, Stuart
942 ## - ADDED ENTRY ELEMENTS (KOHA)
Suppress in OPAC Do not suppress in OPAC
Holdings
Lost status Damaged status Not for loan Home library Current library Shelving location Date acquired Total Checkouts Full call number Date last seen Price effective from Koha item type
      London London Books 06/03/2020   341 WIL 06/03/2020 06/03/2020 Book